00366 2200145 4500001002100000005001500021035002000036245004900056100002000105260003500125082001000160084001600170020002200186990001200208INLIS00000000000168120250429112533 a0010-04250000971 aRaise The Demon Volume 5 /cKeito Yoshikawa0 aKeito Yoshikawa aJakarta :bPT. Gramedia,c2019 a741.3 a741.3 KEI r a978-623-00-0902-0 a0754662